Estatutos de la Sociedad Cívica la Ciudad Jardín
Descripción Física:
22 p. ; 17 cm
MARC
| LEADER | 00000nam a2200000Ia 4500 | ||
|---|---|---|---|
| 001 | 21527 | ||
| 008 | 160829s9999 xx 000 0 cat d | ||
| 080 | |a RF-14-1 | ||
| 110 | 2 | |a Ciutat Jardí (Organització) |9 56394 | |
| 245 | |a Estatutos de la Sociedad Cívica la Ciudad Jardín | ||
| 260 | |a Barcelona : |b La Neotipia, [1912] | ||
| 300 | |a 22 p. ; |c 17 cm | ||
| 590 | |a Prové de 3389, exp. 10 | ||
| 610 | 2 | 0 | |a Ciutat Jardí (Organització) |9 56394 |
| 610 | 2 | 0 | |a Ciutat Jardí (Organització) |v Estatuts |9 56395 |
| 856 | 4 | |u https://media.diba.cat/diba/fitxers/arxiu/fulletons/bib_21527_1912_baixa.pdf |y Accés lliure | |
| 856 | 4 | |u https://media.diba.cat/diba/fitxers/arxiu/fulletons/bib_21527_1912_baixa.pdf |y Accés lliure | |
| 900 | |a bib_21527_1912_baixa.pdf | ||
| 901 | |a Arxiu | ||
| 942 | |n 1 |2 udc | ||
| 952 | |0 0 |1 0 |4 0 |6 RF141 |7 1 |9 54084 |a Arxiu |b Arxiu |d 2016-12-01 |l 0 |o RF-14-1 |p 21527 |r 2016-12-01 00:00:00 |w 2016-12-01 |y ARXIU | ||
| 999 | |c 57952 |d 57952 | ||